000 00846nam a2200241 i 4500
001 bg
245 0 0 _aRolnictwo ekologiczne :
_bod producenta do konsumenta /
_cred. Urszula Sołtysiak ; [zespół aut. Mieczysław Babalski et al.].
260 _aWarszawa :
_bStowarzyszenie "Ekoland" ;
_aHude :
_bStiftung "Leben & Umwelt",
_c1995.
300 _a256, [6], XL, [I] s., [16] s. fot. kolor. :
_brys., wykr. ;
_c24 cm.
500 _aTekst częśc. tł. z różnych jęz.
504 _aBibliogr. przy pracach.
650 9 _aRolnictwo
_xmetody
650 9 _aRolnictwo
_xekologia
700 1 _aBABALSKI, Mieczysław.
700 1 _aSOŁTYSIAK, Urszula.
_eRed.
020 _a8385787151
040 _cBPK
041 1 _apol
_hdutengfreger
080 _a631.95
920 _a83-85787-15-1
942 _cKS
008 s pl f |000 0 pol
999 _c30999
_d30999
856 _uhttp://koha.tu.koszalin.pl/cgi-bin/koha/opac-detail.pl?biblionumber=30999
_yKatalog online BPK